| 000 | 01013nam a22002297a 4500 | ||
|---|---|---|---|
| 005 | 20160209113212.0 | ||
| 010 | _a1516ENO7 B-609928-960 ENG-114709 | ||
| 020 |
_a9789352034574 _c435.00 |
||
| 035 | _aEN-98241 | ||
| 035 | _aB-609928-960 | ||
| 037 |
_adpl _bStar/Ven |
||
| 037 | _bDBAD/PUB | ||
| 082 | _a000 | ||
| 245 |
_aSuccess master CTET(Central Teacher Eligibility Test) : _cedited by Purnendu Kumar [and] Gajendra Pal _bpaper-II : social studies/ science teacher selection for class VI-VIII with solved paper 2015 / |
||
| 260 |
_aNew Delhi _bArihant Publications _c(201?) |
||
| 270 |
_a4577/15, Agarwal Road, Daryaganj _bNew Delhi _e110002 _k011-47630600 _l- _m- |
||
| 300 |
_avarious pagings : _bill. _c24cm(pbk) |
||
| 700 | _aPurnendu Kumar | ||
| 700 | _aPal, Gajendra | ||
| 942 |
_2ddc _cEN _mSUC _h000 |
||
| 999 |
_c95645 _d95645 |
||